[Event "XVII Open B"]
[Site "Crema ITA"]
[Date "2016.09.04"]
[Round "5"]
[White "Vargiu, Antonio"]
[Black "Battagin, Mose'"]
[WhiteElo "1654"]
[BlackElo "1788"]
[Result "1/2-1/2"]
[PlyCount "76"]
[EventDate "2016.09.02"]

1. e4 c5 2. c3 d6 3. Nf3 Nc6 4. d4 g6 5. d5 Nb8 6. Bf4 Bg7 7. Nbd2 Nf6 8. h3
O-O 9. Bd3 Na6 10. O-O Nc7 11. Qc2 a6 12. a4 b6 13. Rfe1 Rb8 14. c4 b5 15. Bh2
Nfe8 16. Ra2 Bd7 17. e5 bxc4 18. Bxc4 Bf5 19. Qd1 Rb6 20. a5 Rb4 21. b3 Nb5 22.
Bxb5 axb5 23. g4 Bc8 24. Qe2 dxe5 25. Bxe5 Qxd5 26. Bxg7 Kxg7 27. Qxe7 Nf6 28.
Qe5 Be6 29. Qxd5 Nxd5 30. Re4 Rxe4 31. Nxe4 Nb4 32. Rb2 Bd5 33. Nfd2 Ra8 34.
Nxc5 Rxa5 35. Kf1 Ra1+ 36. Rb1 Rxb1+ 37. Nxb1 Nc6 38. Nc3 Bf3 1/2-1/2

[Event "XVII Open B"]
[Site "Crema ITA"]
[Date "2016.09.04"]
[Round "6"]
[White "Avathanshu, Bhat"]
[Black "Lussetti, Jacopo"]
[WhiteElo "1293"]
[BlackElo "1632"]
[Result "0-1"]
[PlyCount "102"]
[EventDate "2016.09.02"]

1. e4 e5 2. Nf3 Nc6 3. Bb5 a6 4. Ba4 Nf6 5. O-O b5 6. Bb3 Bc5 7. d3 d6 8. c3
Bb6 9. Re1 O-O 10. d4 exd4 11. cxd4 Bg4 12. d5 Nd4 13. Bg5 Re8 14. a4 h6 15.
Bxf6 Qxf6 16. Nbd2 Ba5 17. Re3 Bxd2 18. Qxd2 Bxf3 19. gxf3 Nxf3+ 20. Rxf3 Qxf3
21. Bc2 Re5 22. Ra3 Rg5+ 23. Qxg5 Qxa3 24. Qxg7+ Kxg7 25. bxa3 bxa4 26. Bxa4
Rb8 27. Bc6 Rb3 28. a4 Kf6 29. Kg2 Kg5 30. f3 Kf4 31. Be8 Rxf3 32. Bxf7 Kxe4
33. Be8 Ra3 34. Bc6 h5 35. h3 h4 36. Kh2 Kf3 37. Bd7 Ra2+ 38. Kg1 Rd2 39. Be6
Rd4 40. Bd7 Kg3 41. Kf1 Rxd5 42. Ke2 Rd4 43. Ke3 Rc4 44. Kd3 d5 45. Ke3 c6 46.
Kd2 c5 47. Kd3 Rb4 48. Kc3 Rf4 49. Kd3 Kg2 50. Ke3 Rf3+ 51. Ke2 Rxh3 0-1

[Event "XVII Open B"]
[Site "Crema ITA"]
[Date "2016.09.04"]
[Round "6"]
[White "Battagin, Mose'"]
[Black "Mapelli, Davide"]
[WhiteElo "1788"]
[BlackElo "1735"]
[Result "1-0"]
[PlyCount "37"]
[EventDate "2016.09.02"]

1. e4 e5 2. Nf3 Nc6 3. Bc4 Bc5 4. Nc3 Nf6 5. d3 d6 6. Bg5 Be6 7. Nd5 Bxd5 8.
Bxd5 h6 9. Bxf6 Qxf6 10. c3 O-O 11. Bxc6 bxc6 12. O-O Bb6 13. Qc2 Rfe8 14. Rad1
Qe6 15. a3 Rab8 16. c4 Qf6 17. b4 Rb7 18. Qa4 c5 19. Qxe8+ 1-0

[Event "XVII Open B"]
[Site "Crema ITA"]
[Date "2016.09.04"]
[Round "6"]
[White "Caccia, Mathias"]
[Black "Sparber, Werner"]
[WhiteElo "1698"]
[BlackElo "1785"]
[Result "0-1"]
[PlyCount "54"]
[EventDate "2016.09.02"]

1. Nf3 d5 2. g3 Nf6 3. Bg2 e6 4. d3 Be7 5. O-O O-O 6. Nbd2 c5 7. c4 Nc6 8. cxd5
exd5 9. e4 Bg4 10. Qb3 dxe4 11. dxe4 Qd7 12. Re1 Rad8 13. e5 Nd5 14. Nc4 Ndb4
15. Be3 Qf5 16. Nfd2 b5 17. Na3 c4 18. Qc3 a6 19. f3 Bh5 20. g4 Bxg4 21. fxg4
Qxg4 22. Rf1 Rd3 23. Qc1 Rxe3 24. Ndxc4 Re2 25. Ne3 Qd4 26. Re1 Rxe1+ 27. Qxe1
Bc5 0-1

[Event "XVII Open B"]
[Site "Crema ITA"]
[Date "2016.09.04"]
[Round "6"]
[White "Colombo, Luca"]
[Black "Borboni, Paolo"]
[WhiteElo "1803"]
[BlackElo "1729"]
[Result "1-0"]
[PlyCount "93"]
[EventDate "2016.09.02"]

1. e4 e5 2. Nf3 Nc6 3. Bb5 a6 4. Bxc6 dxc6 5. O-O Qf6 6. d4 exd4 7. Nxd4 Ne7 8.
Nc3 Bd7 9. Be3 O-O-O 10. Qe2 Ng6 11. f4 Bc5 12. Nb3 Bxe3+ 13. Qxe3 Kb8 14. Rad1
Bg4 15. Rxd8+ Rxd8 16. h3 Bc8 17. Ne2 Qxb2 18. Qc3 Qxc3 19. Nxc3 Nf8 20. Kf2
Ne6 21. Ke3 b6 22. f5 Nf8 23. Nd4 Bb7 24. Nf3 f6 25. g4 h6 26. h4 c5 27. g5
hxg5 28. hxg5 Nh7 29. gxf6 gxf6 30. Rh1 Rd7 31. Rh6 Rf7 32. Nh2 c6 33. Ng4 b5
34. Ne2 a5 35. Nf4 b4 36. Nh5 Ba6 37. Nhxf6 Nxf6 38. Rxf6 Rxf6 39. Nxf6 Bc4 40.
e5 Kc8 41. Ne4 Bxa2 42. Nxc5 Kd8 43. Nb7+ Ke7 44. Nxa5 c5 45. Kd3 Kf7 46. Nb3
Bb1 47. Nxc5 1-0

[Event "XVII Open B"]
[Site "Crema ITA"]
[Date "2016.09.04"]
[Round "6"]
[White "Colonetti, Fabio"]
[Black "De Palma, Fabrizio"]
[WhiteElo "1848"]
[BlackElo "1994"]
[Result "0-1"]
[PlyCount "73"]
[EventDate "2016.09.02"]

1. e4 c5 2. Nf3 d6 3. d4 cxd4 4. Nxd4 Nf6 5. Nc3 g6 6. Be3 a6 7. f3 Nbd7 8. Bc4
Bg7 9. Qd2 b5 10. Bb3 Bb7 11. g4 Nc5 12. O-O-O Rc8 13. Bh6 Bxh6 14. Qxh6 Nxb3+
15. Nxb3 Qc7 16. Qd2 h5 17. g5 Nd7 18. Rhf1 Ne5 19. Nd5 Bxd5 20. exd5 Nc4 21.
Qe2 Ne3 22. Rd2 Nxf1 23. Qxf1 O-O 24. f4 Qc4 25. Qf3 a5 26. Kb1 a4 27. Nd4 Rc5
28. Nc6 e6 29. Ne7+ Kh7 30. b3 Qc3 31. Qxc3 Rxc3 32. dxe6 fxe6 33. Rxd6 Rxf4
34. Rxe6 a3 35. Re1 Rf2 36. Rc1 Rd2 37. Ka1 0-1

[Event "XVII Open B"]
[Site "Crema ITA"]
[Date "2016.09.04"]
[Round "6"]
[White "Cremonese, Giuseppina"]
[Black "Piana, Bruno"]
[WhiteElo "1156"]
[BlackElo "1563"]
[Result "0-1"]
[PlyCount "80"]
[EventDate "2016.09.02"]

1. e4 c5 2. Nf3 e6 3. c4 Nc6 4. Be2 Qc7 5. O-O Nf6 6. Nc3 a6 7. d3 Be7 8. Bg5
O-O 9. Qd2 d6 10. Qf4 e5 11. Qg3 Re8 12. Bh6 g6 13. Bg5 Nh5 14. Nd5 Qd8 15.
Nxe7+ Nxe7 16. Qh4 Qc7 17. Bh6 f6 18. g4 Nf4 19. Qxf6 Nxe2+ 20. Kh1 Nc6 21. h3
Qe7 22. g5 Qxf6 23. gxf6 Nd8 24. Ng5 Nf7 25. Rae1 Nxh6 26. Rxe2 Rf8 27. f4 Rxf6
28. f5 gxf5 29. Ref2 f4 30. Rg1 Rg6 31. h4 Ng4 32. Rfg2 h5 33. Re2 Bd7 34. Rb1
Rf8 35. b4 f3 36. Reb2 f2 37. bxc5 f1=Q+ 38. Rxf1 Rxf1+ 39. Kg2 Ne3+ 40. Kg3
Bc6 0-1

[Event "XVII Open B"]
[Site "Crema ITA"]
[Date "2016.09.04"]
[Round "6"]
[White "Esposito, Giuseppe"]
[Black "Biava, Pierluigi"]
[WhiteElo "1757"]
[BlackElo "1653"]
[Result "0-1"]
[PlyCount "80"]
[EventDate "2016.09.02"]

1. e4 g6 2. d4 b6 3. Nc3 Bg7 4. Be3 Bb7 5. Qd2 h6 6. h4 e6 7. h5 g5 8. f4 gxf4
9. Bxf4 d6 10. Nf3 Nd7 11. Bd3 a6 12. g4 Qe7 13. g5 e5 14. dxe5 dxe5 15. Be3
O-O-O 16. O-O-O Nc5 17. Nd5 Nxd3+ 18. Qxd3 Bxd5 19. exd5 Kb7 20. Rh4 f6 21. Ra4
b5 22. Ra5 Ra8 23. d6 Qd7 24. Qd5+ c6 25. Qc5 Qd8 26. d7 Bf8 27. Rd6 Bxd6 28.
Qxd6 hxg5 29. Ra3 Qc7 30. Qe6 Rxh5 31. Rd3 Rd8 32. Rd1 Rh7 33. Nd2 Rhxd7 34. c4
Rd3 35. Qh3 Qd7 36. Qf3 bxc4 37. Kc2 Qd5 38. Ne4 Rxd1 39. Nc5+ Ka8 40. Qe2 Rd3
0-1

[Event "XVII Open B"]
[Site "Crema ITA"]
[Date "2016.09.04"]
[Round "6"]
[White "Ferrari, Paolo"]
[Black "Tedoldi, Guido"]
[WhiteElo "1690"]
[BlackElo "1526"]
[Result "0-1"]
[PlyCount "80"]
[EventDate "2016.09.02"]

1. d4 e6 2. c4 c5 3. Nf3 d5 4. Nc3 Nf6 5. Bg5 Nbd7 6. dxc5 dxc4 7. e3 Bxc5 8.
Bxc4 O-O 9. O-O Re8 10. Qc2 a6 11. Rfd1 Qc7 12. Bf4 Qc6 13. Bd3 Nf8 14. Na4 b6
15. b4 Bb7 16. bxc5 e5 17. Bg5 e4 18. Nd4 exd3 19. Nxc6 dxc2 20. Rdc1 Bxc6 21.
Nxb6 Ra7 22. Rxc2 Ne4 23. Bf4 Ne6 24. Bd6 Rb7 25. Nc4 Rb5 26. a4 Rb4 27. Ne5
Bxa4 28. Rcc1 Bb5 29. f3 Nxd6 30. cxd6 f6 31. d7 Rd8 32. Nc6 Bxc6 33. Rxc6 Kf7
34. Raxa6 Nf8 35. Kf2 Rb7 36. g4 Rbxd7 37. Kg3 Ng6 38. h4 Ne7 39. Re6 Nd5 40.
e4 Nc7 0-1

[Event "XVII Open B"]
[Site "Crema ITA"]
[Date "2016.09.04"]
[Round "6"]
[White "Forti, Francesco"]
[Black "Paniga, Danilo"]
[WhiteElo "1704"]
[BlackElo "1764"]
[Result "1-0"]
[PlyCount "89"]
[EventDate "2016.09.02"]

1. d4 f5 2. c4 Nf6 3. Nc3 g6 4. Nf3 Bg7 5. b3 O-O 6. Bb2 d6 7. e3 Qe8 8. Be2 c6
9. d5 Na6 10. O-O Nb4 11. a3 Ne4 12. Qc1 Nxc3 13. Bxc3 Bxc3 14. Qxc3 Na6 15.
Bd3 Qf7 16. e4 f4 17. Rfe1 Qg7 18. Qxg7+ Kxg7 19. e5 Bg4 20. Nd4 Bd7 21. exd6
exd6 22. Re7+ Rf7 23. Rae1 c5 24. Nf3 Rd8 25. h3 Nc7 26. Kf1 Ne8 27. Rxf7+ Kxf7
28. Ng5+ Kg7 29. Ne6+ Bxe6 30. Rxe6 Kf7 31. h4 Nf6 32. Ke2 h6 33. Kf3 g5 34. g3
fxg3 35. fxg3 gxh4 36. gxh4 b6 37. h5 Ng8 38. Bh7 Ne7 39. Rxh6 Rf8 40. Re6 Kg7+
41. Ke4 Nc8 42. Bg6 Rf1 43. Re8 Ne7 44. Rxe7+ Kf6 45. Rf7+ 1-0

[Event "XVII Open B"]
[Site "Crema ITA"]
[Date "2016.09.04"]
[Round "6"]
[White "Galli, Fabrizio"]
[Black "Folcini, Gaddo"]
[WhiteElo "1435"]
[BlackElo "1570"]
[Result "0-1"]
[PlyCount "104"]
[EventDate "2016.09.02"]

1. d4 e5 2. dxe5 Nc6 3. Nf3 d6 4. Bg5 f6 5. exf6 Nxf6 6. e3 h6 7. Bh4 g5 8. Bg3
Ne4 9. Bd3 Bf5 10. Nbd2 Qe7 11. Nxe4 Bxe4 12. Qe2 O-O-O 13. O-O-O Bg7 14. Bxe4
Qxe4 15. Kb1 Rhf8 16. Rhg1 Rf5 17. Nd2 Qb4 18. Nb3 Re8 19. Qd3 Rb5 20. Qg6 Re7
21. Qd3 Qa4 22. f3 Nb4 23. Qc4 Qxa2+ 24. Kc1 Qxb2+ 25. Kd2 Rd5+ 26. Ke2 Rxd1
27. Rxd1 Nxc2 28. Rd2 Rxe3+ 29. Kf2 Qb1 30. Re2 Qxb3 31. Qxb3 Rxb3 32. Rxc2
Bd4+ 33. Kf1 Be5 34. Bxe5 dxe5 35. Rc1 Rb5 36. Kf2 a5 37. Ke3 a4 38. Ke4 a3 39.
Ra1 Ra5 40. Kd3 b5 41. Kc3 c5 42. Kb3 b4 43. Kc4 Kb7 44. Kb3 Kc6 45. Kc4 Kb6
46. Ra2 Ra4 47. g3 Ra8 48. Ra1 Rd8 49. Ra2 Rd4+ 50. Kb3 Kb5 51. Kc2 c4 52. Kc1
Ka4 0-1

[Event "XVII Open B"]
[Site "Crema ITA"]
[Date "2016.09.04"]
[Round "6"]
[White "Gorini, Michele"]
[Black "Annicchiarico, Luigi"]
[WhiteElo "1604"]
[BlackElo "1804"]
[Result "0-1"]
[PlyCount "46"]
[EventDate "2016.09.02"]

1. Nf3 d5 2. c4 c6 3. cxd5 cxd5 4. g3 Nc6 5. Bg2 e5 6. O-O f5 7. d3 Nf6 8. b3
Bd6 9. Bb2 O-O 10. a3 a5 11. Nbd2 e4 12. dxe4 fxe4 13. Nd4 Qb6 14. e3 Bc5 15.
Nxc6 bxc6 16. Qc2 Qa7 17. Rfc1 Bxe3 18. fxe3 Qxe3+ 19. Kh1 Ng4 20. Rf1 Rxf1+
21. Nxf1 Nf2+ 22. Kg1 Nh3+ 23. Kh1 Qg1# 0-1

[Event "XVII Open B"]
[Site "Crema ITA"]
[Date "2016.09.04"]
[Round "6"]
[White "Haller, Quentin"]
[Black "Oteri, Aldo"]
[WhiteElo "1561"]
[BlackElo "1803"]
[Result "1/2-1/2"]
[PlyCount "77"]
[EventDate "2016.09.02"]

1. d4 Nf6 2. c4 e6 3. Nc3 Bb4 4. Bg5 O-O 5. e4 h6 6. Bxf6 Qxf6 7. Nf3 c5 8. Be2
cxd4 9. Qxd4 Qxd4 10. Nxd4 e5 11. Ndb5 Bxc3+ 12. Nxc3 Nc6 13. Bg4 d6 14. Bxc8
Raxc8 15. Nd5 Rfe8 16. Ke2 Ne7 17. Rac1 Nxd5 18. cxd5 g6 19. g4 Kg7 20. h4 f5
21. gxf5 gxf5 22. Ke3 fxe4 23. Kxe4 Kf6 24. Rhg1 Rxc1 25. Rxc1 Re7 26. Rc3 Kg6
27. Rc1 Kh5 28. Kf5 e4 29. Rd1 Rf7+ 30. Ke6 Rxf2 31. Kxd6 e3 32. Re1 Rxb2 33.
Rxe3 Rxa2 34. Ke7 Rd2 35. d6 Kxh4 36. d7 Kg4 37. d8=Q Rxd8 38. Kxd8 h5 39. Re7
1/2-1/2

[Event "XVII Open B"]
[Site "Crema ITA"]
[Date "2016.09.04"]
[Round "6"]
[White "Marzatico, Luca"]
[Black "Casartelli, Fabio"]
[WhiteElo "1802"]
[BlackElo "1702"]
[Result "0-1"]
[PlyCount "108"]
[EventDate "2016.09.02"]

1. Nf3 b6 2. d4 e6 3. e4 Ba6 4. Bxa6 Nxa6 5. O-O c6 6. Re1 Nc7 7. c4 Bb4 8. Nc3
Ne7 9. Ne5 O-O 10. a3 Bxc3 11. bxc3 d6 12. Nd3 d5 13. cxd5 cxd5 14. e5 Rc8 15.
Bd2 Nb5 16. Qb3 Nc7 17. a4 Nc6 18. Re3 Na5 19. Qd1 Nc4 20. Rh3 Nxd2 21. Qxd2 f6
22. f4 f5 23. a5 Nb5 24. Rc1 Rf7 25. axb6 axb6 26. Qb2 Qe8 27. Nb4 Rfc7 28. Rd3
Rc4 29. Na2 Ra4 30. h3 Qc6 31. g4 Qc4 32. Rd2 Rca8 33. Nb4 Ra3 34. gxf5 exf5
35. Kh2 Rb3 36. Qc2 Rxc3 37. Qxf5 Qxb4 38. Qe6+ Kh8 39. Rg1 Nxd4 40. Qxd5 Nf3+
41. Kh1 Qf8 42. Rg3 Rc1+ 43. Rd1 Rxd1+ 44. Qxd1 Nh4 45. Qg4 Ra1+ 46. Kh2 Ra2+
47. Kh1 Nf5 48. Rc3 g6 49. Qg5 Qa8+ 50. Kg1 Ra1+ 51. Kf2 Qa2+ 52. Kf3 Rf1+ 53.
Ke4 Re1+ 54. Kd3 Qe2# 0-1

[Event "XVII Open B"]
[Site "Crema ITA"]
[Date "2016.09.04"]
[Round "6"]
[White "Pinna, Ferdinando"]
[Black "Vargiu, Antonio"]
[WhiteElo "1894"]
[BlackElo "1654"]
[Result "1-0"]
[PlyCount "99"]
[EventDate "2016.09.02"]

1. e4 e6 2. d4 d5 3. Nc3 Bb4 4. e5 c5 5. a3 Bxc3+ 6. bxc3 Ne7 7. Qg4 O-O 8. Bd3
c4 9. Bh6 Ng6 10. Bxg6 fxg6 11. Bd2 Nc6 12. h4 Qe8 13. h5 Qf7 14. f3 Ne7 15.
hxg6 Qxg6 16. Qxg6 Nxg6 17. g3 Bd7 18. O-O-O a5 19. Kb2 b5 20. Rb1 Ne7 21. f4
Nf5 22. Ne2 Ne7 23. Rh2 Nc6 24. Rbh1 h6 25. g4 Rab8 26. g5 hxg5 27. fxg5 Kf7
28. Rh7 Rg8 29. Rf1+ Ke8 30. Nf4 Ne7 31. Nh5 Nf5 32. g6 Kd8 33. Bg5+ Kc8 34.
Bf6 gxf6 35. Nxf6 Rxg6 36. Rh8+ Kc7 37. Rxb8 Kxb8 38. Nxd7+ Kc7 39. Nc5 Ne3 40.
Re1 Nf5 41. Rf1 Ne3 42. Rf3 Nd1+ 43. Kc1 Rg1 44. Kd2 Nb2 45. Nxe6+ Kd7 46. Nc5+
Ke7 47. e6 Rd1+ 48. Ke2 Ra1 49. Rf7+ Ke8 50. Nb7 1-0

[Event "XVII Open B"]
[Site "Crema ITA"]
[Date "2016.09.04"]
[Round "6"]
[White "Pisani, Valerio"]
[Black "Peloni, Davide"]
[WhiteElo "1710"]
[BlackElo "1587"]
[Result "1-0"]
[PlyCount "73"]
[EventDate "2016.09.02"]

1. e4 c6 2. d4 d5 3. e5 Bf5 4. Nf3 e6 5. c3 Nd7 6. Be2 Ne7 7. Na3 c5 8. Nc2 Nc6
9. Ne3 Bg6 10. a3 Rc8 11. O-O Be7 12. g3 cxd4 13. cxd4 O-O 14. h4 h6 15. b4 Nb6
16. Bd2 Be4 17. Ne1 Nxd4 18. Bd3 Bxd3 19. Nxd3 Nd7 20. Ng4 f6 21. Nxh6+ Kh7 22.
Ng4 Qe8 23. h5 fxe5 24. Ngxe5 Nxe5 25. Nxe5 Bf6 26. Ng4 Nf3+ 27. Qxf3 Bxa1 28.
Qd3+ Kg8 29. Rxa1 Qxh5 30. Nh2 Kf7 31. Nf3 Rc4 32. Ng5+ Ke7 33. Re1 Rf6 34.
Qxd5 Rh6 35. Rxe6+ Rxe6 36. Qxe6+ Kf8 37. Qxc4 1-0

[Event "XVII Open B"]
[Site "Crema ITA"]
[Date "2016.09.04"]
[Round "6"]
[White "Raimondi, Celso"]
[Black "Bonoldi, Fabio"]
[WhiteElo "1623"]
[BlackElo "1838"]
[Result "0-1"]
[PlyCount "98"]
[EventDate "2016.09.02"]

1. d4 Nf6 2. c4 g6 3. Nc3 Bg7 4. e4 d6 5. Nf3 O-O 6. Be2 e5 7. O-O exd4 8. Nxd4
Re8 9. f3 Nc6 10. Be3 Nh5 11. Qd2 Bd7 12. Rac1 f5 13. Nxc6 bxc6 14. Rfd1 fxe4
15. Nxe4 Nf6 16. Nxf6+ Qxf6 17. Bf2 Qxb2 18. Qxb2 Bxb2 19. Rc2 Bf6 20. Bd4
Bxd4+ 21. Rxd4 c5 22. Rdd2 Rab8 23. Rb2 Kf7 24. f4 Bc6 25. f5 a5 26. fxg6+ hxg6
27. Bd3 Kg7 28. Rxb8 Rxb8 29. g4 Re8 30. Kf2 Re5 31. Re2 Rxe2+ 32. Kxe2 g5 33.
Ke3 Kf6 34. Bf5 Ke5 35. a3 Be8 36. Bc8 Bf7 37. Ba6 Be6 38. h3 Bd7 39. Bb7 Ba4
40. Be4 Bd7 41. Bf3 c6 42. Be2 d5 43. cxd5 cxd5 44. Kf3 Be6 45. Kg3 d4 46. h4
gxh4+ 47. Kxh4 c4 48. g5 d3 49. Bd1 c3 0-1

[Event "XVII Open B"]
[Site "Crema ITA"]
[Date "2016.09.04"]
[Round "6"]
[White "Scarpellini, Felice"]
[Black "Silini, Bruno"]
[WhiteElo "1652"]
[BlackElo "1572"]
[Result "0-1"]
[PlyCount "66"]
[EventDate "2016.09.02"]

1. c4 b6 2. Nf3 Bb7 3. g3 d6 4. Bg2 Nd7 5. d3 h6 6. O-O e6 7. Nc3 a6 8. b4 g6
9. Bb2 Bg7 10. Qc2 Ne7 11. e4 O-O 12. Ne2 e5 13. Nd2 f5 14. f4 fxe4 15. Bxe4 d5
16. cxd5 Nf5 17. Rf3 Nd4 18. Nxd4 exd4 19. Nb3 Qe7 20. Bxd4 Nf6 21. Bxf6 Bxf6
22. Rc1 Rac8 23. Qc4 Kg7 24. a3 Bb2 25. Rcf1 Bxa3 26. Nd4 Kh7 27. Ne6 Rf6 28.
h4 c6 29. Ng5+ hxg5 30. hxg5 Rd6 31. Kg2 cxd5 32. Rh1+ Kg8 33. Qc3 Rxc3 0-1

[Event "XVII Open B"]
[Site "Crema ITA"]
[Date "2016.09.04"]
[Round "6"]
[White "Simeone, Giulio Maria"]
[Black "Righini, Giovanni"]
[WhiteElo "1641"]
[BlackElo "1850"]
[Result "1/2-1/2"]
[PlyCount "113"]
[EventDate "2016.09.02"]

1. e4 e6 2. d4 d5 3. Nd2 dxe4 4. Nxe4 Nd7 5. Nf3 Be7 6. Bd3 Ngf6 7. Bg5 O-O 8.
O-O h6 9. Bh4 Nxe4 10. Bxe7 Qxe7 11. Bxe4 c5 12. c3 Nf6 13. Bd3 cxd4 14. Nxd4
Nd5 15. Re1 Rd8 16. Qf3 Qg5 17. Re4 Nf6 18. h4 Qd5 19. Re3 Qxf3 20. Nxf3 Ng4
21. Re4 Nxf2 22. Kxf2 Rxd3 23. Ke2 Rd8 24. Rf1 f6 25. g4 b6 26. g5 hxg5 27.
hxg5 Bb7 28. Rxe6 Ba6+ 29. Kf2 Bxf1 30. Kxf1 Kf7 31. Re2 Rd1+ 32. Kf2 Rad8 33.
Rc2 f5 34. c4 Rb1 35. a3 a5 36. Kg3 Rc8 37. Kf4 Rf1 38. b4 axb4 39. axb4 g6 40.
c5 bxc5 41. bxc5 Rc6 42. Kg3 Rxf3+ 43. Kxf3 Ke6 44. Kf4 Kd5 45. Rd2+ Kxc5 46.
Rd8 Rd6 47. Rg8 Kd5 48. Re8 Re6 49. Rg8 Kd6 50. Rg7 Kd5 51. Rg8 Kd4 52. Rg7 Kd3
53. Rxg6 Rxg6 54. Kxf5 Rg8 55. g6 Ke3 56. Kf6 Kf4 57. g7 1/2-1/2

[Event "XVII Open B"]
[Site "Crema ITA"]
[Date "2016.09.04"]
[Round "6"]
[White "Tagliaferri, Valerio"]
[Black "Persico, Lorenzo"]
[WhiteElo "1785"]
[BlackElo "1573"]
[Result "1-0"]
[PlyCount "55"]
[EventDate "2016.09.02"]

1. c4 c5 2. g3 g6 3. Bg2 Bg7 4. Nc3 Nc6 5. e3 e6 6. Nf3 Nge7 7. O-O O-O 8. Rb1
Qa5 9. d4 cxd4 10. Nxd4 Nxd4 11. exd4 Nf5 12. Be3 Qb4 13. Qd3 Nxe3 14. fxe3 Rd8
15. e4 Qd6 16. Nb5 Qe7 17. e5 f6 18. exf6 Bxf6 19. c5 e5 20. Rbe1 Qg7 21. dxe5
Bxe5 22. Qd5+ Kh8 23. Qxe5 Qxe5 24. Rxe5 Rg8 25. Bd5 Rd8 26. Nd6 Kg7 27. Rf7+
Kh6 28. g4 1-0

[Event "XVII Open B"]
[Site "Crema ITA"]
[Date "2016.09.04"]
[Round "6"]
[White "Tiraboschi, Nicolo'"]
[Black "Andolfatto, Maria"]
[WhiteElo "1723"]
[BlackElo "1772"]
[Result "1-0"]
[PlyCount "119"]
[EventDate "2016.09.02"]

1. d4 d5 2. c4 e6 3. Nc3 Nf6 4. cxd5 exd5 5. Bg5 Be7 6. Qc2 c6 7. e3 Nbd7 8.
Bd3 O-O 9. Nge2 h6 10. Bh4 Re8 11. Bg3 Nf8 12. O-O Ne6 13. Rab1 b6 14. b4 Bb7
15. a4 Qd7 16. a5 Nc7 17. Na4 bxa5 18. bxa5 Ba6 19. Bf5 Ne6 20. Rfc1 Rec8 21.
Nf4 Bd6 22. Nd3 Bxd3 23. Qxd3 Bxg3 24. hxg3 Ne8 25. Nc5 Qd6 26. Bxe6 fxe6 27.
Qg6 Nc7 28. Rb7 Rf8 29. Rxc7 Qxc7 30. Nxe6 Qe7 31. Nxf8 Rxf8 32. Rxc6 Rf6 33.
Rxf6 Qxf6 34. Qxf6 gxf6 35. Kf1 Kf7 36. Ke2 Ke6 37. Kd3 Kd6 38. Kc3 Kc6 39. Kb4
a6 40. g4 Kd6 41. f3 Kc6 42. e4 Kd6 43. exd5 Kxd5 44. Kc3 Kd6 45. Kc4 Kc6 46.
d5+ Kd6 47. Kd4 Ke7 48. Kc5 Kd7 49. d6 Kc8 50. Kc6 Kb8 51. d7 f5 52. gxf5 h5
53. f6 h4 54. Kd6 h3 55. gxh3 Ka7 56. f4 Kb8 57. d8=Q+ Ka7 58. Kd5 Kb7 59. f7
Ka7 60. f8=R 1-0

[Event "XVII Open B"]
[Site "Crema ITA"]
[Date "2016.09.04"]
[Round "6"]
[White "Zucchetti, Gregorio"]
[Black "Maraschi, Alberto"]
[WhiteElo "1389"]
[BlackElo "1311"]
[Result "1-0"]
[PlyCount "83"]
[EventDate "2016.09.02"]

1. Nf3 c6 2. c4 d5 3. e3 Bf5 4. Nc3 Nf6 5. b3 e6 6. d4 Bb4 7. Bd2 Qa5 8. Qc1
Ba3 9. Na4 Qxa4 10. bxa4 Bxc1 11. Rxc1 O-O 12. c5 b6 13. g3 a6 14. cxb6 Nbd7
15. Rxc6 Rfb8 16. a5 h6 17. Bg2 Bd3 18. Ne5 Nxe5 19. dxe5 Nd7 20. f4 Kh7 21.
Kf2 Bb5 22. Rc3 f6 23. Bh3 Nxb6 24. axb6 Rxb6 25. exf6 gxf6 26. f5 e5 27. Rhc1
Bc4 28. e4 Rb2 29. R3c2 Rab8 30. Bg2 Bd3 31. Rc7+ Kh8 32. Ke1 dxe4 33. Bf1 e3
34. Bxe3 Bxf5 35. Bxh6 Rxh2 36. Bg7+ Kh7 37. Bxf6+ Kg6 38. Bxe5 Rxa2 39. R7c6+
Kh5 40. Bxb8 Kg4 41. R6c4+ Kf3 42. R1c3+ 1-0